|
|
|
|
| LEADER |
00000nam0a2200000 4500 |
| 001 |
196480 |
| 005 |
20231101224709.0 |
| 010 |
|
|
|a 9785317029937
|
| 035 |
|
|
|a (RuTPU)RU\TPU\book\214350
|
| 090 |
|
|
|a 196480
|
| 100 |
|
|
|a 20110524d2009 m y0rusy50 ca
|
| 101 |
0 |
|
|a rus
|
| 102 |
|
|
|a RU
|
| 105 |
|
|
|a a j 011zy
|
| 200 |
1 |
|
|a Интерпретация результатов геофизических исследований скважин
|e учебное пособие для вузов
|f Г. М. Золоева, Л. П. Петров, М. С. Хохлова
|g Российский государственный университет нефти и газа им. И. М. Губкина (РГУ Нефти и Газа)
|
| 210 |
|
|
|a Москва
|c МАКС Пресс
|d 2009
|
| 215 |
|
|
|a 180 с.
|c ил.
|
| 300 |
|
|
|a К 80-летию РГУ нефти и газа имени И. М. Губкина
|
| 320 |
|
|
|a Библиогр.: с. 128.
|
| 330 |
|
|
|a Целью лабораторных работ является изучение физических основ геофизических методов исследования скважин, овладение навыками интерпретации методов ГИС, решения конкретных геологических задач. Учебное пособие включает теоретические основы методов ГИС, порядок выполнения и оформления результатов работы, а также контрольные вопросы, предназначенные для самоконтроля студентов перед выполнением работ и проведением рубежного контроля. Учебное пособие предназначено для студентов специальности 130304 «Геология нефти и газа», 130504 «Бурение нефтяных и газовых скважин», 130503 «Разработка и эксплуатация нефтяных и газовых месторождений», 130201 «Геофизические методы поисков и разведки месторождений полезных ископаемых».
|
| 606 |
1 |
|
|a Буровые скважины
|x Геофизические исследования
|2 stltpush
|3 (RuTPU)RU\TPU\subj\30610
|9 53695
|
| 610 |
1 |
|
|a горные породы
|
| 610 |
1 |
|
|a удельное сопротивление
|
| 610 |
1 |
|
|a интерпретация результатов
|
| 610 |
1 |
|
|a электрические методы
|
| 610 |
1 |
|
|a радиоактивные методы
|
| 610 |
1 |
|
|a диаграммы
|
| 610 |
1 |
|
|a акустические методы
|
| 610 |
1 |
|
|a палетки
|
| 610 |
1 |
|
|a зависимости
|
| 610 |
1 |
|
|a учебные пособия
|
| 675 |
|
|
|a 550.832(075.8)
|v 3
|
| 700 |
|
1 |
|a Золоева
|b Г. М.
|g Галина Михайловна
|
| 701 |
|
1 |
|a Петров
|b Л. П.
|g Лев Петрович
|
| 701 |
|
1 |
|a Хохлова
|b М. С.
|g Мария Сергеевна
|
| 712 |
0 |
2 |
|a Российский государственный университет нефти и газа им. И. М. Губкина (РГУ Нефти и Газа)
|c (Москва)
|c (1998- )
|2 stltpush
|3 (RuTPU)RU\TPU\col\408
|
| 801 |
|
1 |
|a RU
|b 63413507
|c 20110524
|
| 801 |
|
2 |
|a RU
|b 63413507
|c 20150630
|g RCR
|
| 900 |
|
|
|a Интерпретация геофизических данных
|
| 900 |
|
|
|a Физико-геологические основы интерпретации геофизических данных
|
| 942 |
|
|
|c BK
|
| 951 |
|
|
|b 131000
|
| 959 |
|
|
|a 44/20110427
|d 1
|e 2009
|f ЧЗТЛ:1
|